Flags of North and South America - Inverted - Statistics

General Stats
  • This quiz has been taken 28 times
  • The average score is 30 of 35
Answer Stats
Picture Answer % Correct
Mexico
100%
Brazil
96%
Canada
96%
Colombia
96%
Ecuador
96%
United States
96%
Venezuela
96%
Argentina
91%
Barbados
91%
Jamaica
91%
Panama
91%
St. Lucia
91%
Uruguay
91%
Belize
87%
Chile
87%
Cuba
87%
Dominican Republic
87%
El Salvador
87%
Haiti
87%
Honduras
87%
Nicaragua
87%
Antigua and Barbuda
83%
Costa Rica
83%
Trinidad & Tobago
83%
Dominica
78%
Guatemala
78%
Guyana
78%
Paraguay
78%
St. Kitts and Nevis
78%
Bahamas
74%
Peru
74%
St. Vincent and the Grenadines
74%
Suriname
74%
Grenada
70%
Bolivia
61%
No matching quizzes found
Score Distribution
Percent of People with Each Score
Percentile by Number Answered
Your Score History
You have not taken this quiz